000
00215nam a22000857a 4500
008
170112b xxu||||| |||| 00| 0 eng d
100
_9
2372
_a
Sawhnuy.P.
245
_a
Science Manuel-CCE-VII
260
_a
New Delhi
_b
APC
_c
2010
999
_c
5359
_d
5359